All Cities on a Map by Letter - E - Statistics

General Stats
  • This quiz has been taken 11 times
  • The average score is 69 of 1076
Answers on the Map
Answers color-coded by a green-red scale on the quiz's map according to % correct below.
 
Answer Stats
Country City population City % Correct
United States 15353 Eden
100%
United States 102561 Edinburg
100%
United Kingdom 488050 Edinburgh
100%
Canada 1151635 Edmonton
91%
United Kingdom 80546 Edmonton
91%
United States 862494 El Paso
82%
Colombia 23534 El Paso
82%
Nigeria 159866 Ede
64%
Netherlands 72460 Ede
64%
Italy 15975 Este
64%
Germany 586608 Essen
55%
Belgium 19162 Essen
55%
Germany 9083 Essen
55%
United States 26302 Eureka
55%
United States 12371 Eureka
55%
United Kingdom 124180 Exeter
55%
United States 25488 Exeter
55%
United States 16098 Exeter
55%
United States 10280 Exeter
55%
United Kingdom 101547 Eastbourne
45%
United States 107027 Edison
45%
Netherlands 243730 Eindhoven
45%
United States 135887 Elizabeth
45%
United States 76363 Elizabethtown
45%
United States 11857 Elizabethtown
45%
Poland 60390 Ełk
45%
United States 36436 Elmont
45%
Netherlands 107024 Emmen
45%
Switzerland 29292 Emmen
45%
Hungary 71338 Érd
45%
Germany 214000 Erfurt
45%
Finland 314821 Espoo
45%
United States 272737 Eugene
45%
United States 31490 Eagle
36%
United Kingdom 78716 Eastleigh
36%
South Africa 267007 East London
36%
United States 114617 East Los Angeles
36%
United States 69183 East Orange
36%
United States 108477 Eau Claire
36%
United States 53125 Edina
36%
Turkey 180002 Edirne
36%
United States 177221 Elk Grove
36%
United States 45538 Elmhurst
36%
United States 107066 El Monte
36%
Chile 26459 El Monte
36%
Austria 11937 Enns
36%
Iraq 846000 Erbil
36%
United States 184332 Erie
36%
United States 31927 Erie
36%
Germany 117806 Erlangen
36%
Taiwan 48379 Erlin
36%
Denmark 71921 Esbjerg
36%
Canada 22970 Essa
36%
United States 40670 Essex
36%
Canada 21216 Essex
36%
United States 11486 Essex
36%
Germany 95881 Esslingen
36%
United States 37258 Estero
36%
United States 37718 Evans
36%
United States 22265 Evans
36%
United States 15236 Evans
36%
United States 76552 Evanston
36%
United States 11803 Evanston
36%
United States 206418 Evansville
36%
Belgium 42656 Evere
36%
United States 68158 Eagan
27%
United States 26158 East Chicago
27%
United States 13666 East Cleveland
27%
United Kingdom 75120 East Kilbride
27%
United States 45394 East Lansing
27%
United States 29079 Easton
27%
United States 25162 Easton
27%
United States 17202 Easton
27%
United States 38233 East Point
27%
United States 18278 East St. Louis
27%
United States 70179 Eastvale
27%
Mexico 1655015 Ecatepec
27%
United States 63249 Eden Prairie
27%
United States 95618 Edmond
27%
United States 10415 Edwards
27%
Israel 51935 Eilat
27%
Bolivia 943000 El Alto
27%
Albania 78703 Elbasan
27%
Poland 115220 Elbląg
27%
United States 104909 El Cajon
27%
United States 44186 El Centro
27%
Spain 243128 Elche
27%
Mexico 46628 El Dorado
27%
United States 17382 El Dorado
27%
United States 12882 El Dorado
27%
Venezuela 2383 El Dorado
27%
Argentina 57323 Eldorado
27%
Brazil 15339 Eldorado
27%
Brazil 11386 Eldorado
27%
United States 146511 Elkhart
27%
United States 20624 Elko
27%
United States 8688 Ellicott
27%
United States 73737 Ellicott City
27%
United States 26349 Elmira
27%
Canada 10790 Elmira
27%
Philippines 58771 El Salvador
27%
United States 11140 Elwood
27%
Indonesia 87723 Ende
27%
United States 33774 Englewood
27%
United States 29342 Englewood
27%
United States 19385 Englewood
27%
United States 13388 Englewood
27%
Netherlands 159732 Enschede
27%
Mexico 557430 Ensenada
27%
Argentina 54463 Ensenada
27%
Germany 37169 Erding
27%
Liechtenstein 4459 Eschen
27%
United States 149913 Escondido
27%
Sweden 69948 Eskilstuna
27%
Turkey 15762 Eşme
27%
Cuba 29203 Esmeralda
27%
Morocco 56074 Essaouira
27%
United States 111083 Everett
27%
United States 49236 Everett
27%
United Kingdom 34432 Exmouth
27%
Australia 2514 Exmouth
27%
United States 49514 Eagle Mountain
18%
United States 28186 Eagle Pass
18%
United Kingdom 76186 East Ham
18%
United Kingdom 13882 Eastham
18%
United States 33019 East Lake
18%
United States 17538 Eastlake
18%
United States 20837 East Moline
18%
United States 29143 East Palo Alto
18%
United States 34003 Eastpointe
18%
United States 22034 East Ridge
18%
United Kingdom 18887 Eastwood
18%
Germany 12527 Ebersberg
18%
Germany 14475 Eching
18%
Australia 15056 Echuca
18%
Saint Helena, Ascension, and Tristan da Cunha 250 Edinburgh of the Seven Seas
18%
United States 26543 Edwardsville
18%
Switzerland 8596 Egg
18%
Switzerland 8596 Egg
18%
Turkey 387072 Elazığ
18%
Spain 53818 Elda
18%
Spain 90135 El Ejido
18%
Russia 141778 Elektrostal
18%
Tunisia 25100 El Fahs
18%
Sudan 500000 El Fasher
18%
Russia 103219 Elista
18%
United States 18740 Elizabeth City
18%
Morocco 220181 El Jadid
18%
United States 32132 Elk Grove Village
18%
Germany 25372 Ellwangen
18%
United States 35823 El Mirage
18%
Sudan 418280 El Obeid
18%
Algeria 134699 El Oued
18%
Spain 66184 El Prat de Llobregat
18%
Spain 89960 El Puerto de Santa María
18%
United States 16863 El Segundo
18%
United States 9151 Elsmere
18%
Venezuela 213524 El Tigre
18%
United Kingdom 20256 Ely
18%
United States 52833 Elyria
18%
Kenya 41092 Embu
18%
Germany 50659 Emden
18%
Australia 14089 Emerald
18%
United States 12756 Emeryville
18%
United States 11727 Emmaus
18%
Italy 48844 Empoli
18%
United States 24098 Emporia
18%
Paraguay 69868 Encarnación
18%
United States 61585 Encinitas
18%
Russia 260190 Engels
18%
United States 50821 Enid
18%
United States 232043 Enterprise
18%
United States 28990 Enterprise
18%
Nigeria 1029400 Enugu
18%
Colombia 228848 Envigado
18%
France 53564 Épinay-sur-Seine
18%
United Kingdom 12547 Epping
18%
Italy 50124 Ercolano
18%
Mongolia 106810 Erdenet
18%
Germany 13378 Ergolding
18%
Germany 8839 Ergoldsbach
18%
Canada 11439 Erin
18%
Germany 44572 Erkelenz
18%
India 151184 Erode
18%
Turkey 767848 Erzurum
18%
Switzerland 9602 Eschenbach
18%
Guatemala 170280 Escuintla
18%
Mexico 30896 Escuintla
18%
Turkey 820568 Eskişehir
18%
Gambia, The 14560 Essau
18%
United States 48991 Euclid
18%
United States 60373 Euless
18%
Belgium 19526 Eupen
18%
Finland 11184 Eura
18%
Germany 60256 Euskirchen
18%
Madagascar 13000 Evato
18%
Greece 79221 Évosmos
18%
France 53641 Évry
18%
United States 26738 Ewa Gentry
18%
United States 35708 Ewing
18%
China 1079353 Ezhou
18%
United Kingdom 85014 Ealing
9%
United States 28405 East Hampton
9%
United States 16103 Easthampton
9%
United States 9869 East Liverpool
9%
United States 35806 East Meadow
9%
United States 46970 East Providence
9%
Canada 9725 East St. Paul
9%
United States 9278 East Stroudsburg
9%
United States 8868 East York
9%
Germany 14489 Eberbach
9%
Germany 41704 Eberswalde
9%
Japan 119819 Ebetsu
9%
Angola 165129 Ebo
9%
Japan 80264 Echizen
9%
Japan 19708 Echizen
9%
Luxembourg 5870 Echternach
9%
United States 9042 Economy
9%
Netherlands 18828 Edam
9%
Eritrea 11259 Edd
9%
Cameroon 73128 Edéa
9%
United States 23314 Edgewater
9%
United States 14544 Edgewater
9%
United States 25170 Edgewood
9%
United States 12683 Edgewood
9%
United States 42783 Edmonds
9%
Canada 16437 Edmundston
9%
Germany 14439 Eggenfelden
9%
United States 47723 Egg Harbor
9%
Germany 13867 Eichstätt
9%
Japan 18921 Eiheiji
9%
Germany 42817 Eisenach
9%
Germany 11196 Eisenberg
9%
Germany 9305 Eisenberg
9%
Germany 24447 Eisenhüttenstadt
9%
Austria 14476 Eisenstadt
9%
Kazakhstan 159760 Ekibastuz
9%
Colombia 56470 El Cerrito
9%
United States 25781 El Cerrito
9%
Kenya 289380 Eldoret
9%
United States 114106 Elgin
9%
United Kingdom 23128 Elgin
9%
United States 10996 Elgin
9%
United States 15867 Elkton
9%
United Kingdom 61090 Ellesmere Port
9%
Germany 50728 Elmshorn
9%
Mexico 115264 El Pueblito
9%
Germany 16323 Elsen
9%
Norway 11633 Elverum
9%
Mexico 22469 Emiliano Zapata
9%
Mexico 12309 Emiliano Zapata
9%
Mexico 10783 Emiliano Zapata
9%
Germany 29035 Emmendingen
9%
United States 13456 Endicott
9%
Japan 70102 Eniwa
9%
Italy 25512 Enna
9%
Ireland 24253 Ennis
9%
United States 21546 Ennis
9%
Uganda 69958 Entebbe
9%
Nigeria 181409 Epe
9%
Netherlands 33198 Epe
9%
Germany 15589 Epe
9%
Germany 16507 Eppelborn
9%
Germany 15543 Eppelheim
9%
Germany 22252 Eppingen
9%
Germany 13645 Eppstein
9%
India 12248 Eral
9%
Italy 16365 Erba
9%
Germany 14099 Erbach
9%
Germany 14080 Erbach
9%
Germany 50018 Erftstadt
9%
Germany 12008 Erkner
9%
Germany 43801 Erkrath
9%
United States 19677 Erlanger
9%
United States 12374 Escanaba
9%
Germany 22551 Eschborn
9%
Luxembourg 36625 Esch-sur-Alzette
9%
Germany 19435 Eschwege
9%
Germany 56132 Eschweiler
9%
Iran 2219343 Eşfahān
9%
Iran 448129 Eslāmshahr
9%
Ecuador 155487 Esmeraldas
9%
Brazil 72512 Esmeraldas
9%
Australia 10218 Esperance
9%
Germany 12340 Essenbach
9%
United States 10720 Essex Junction
9%
Philippines 53200 Estancia
9%
Brazil 65078 Estância
9%
Germany 39763 Ettlingen
9%
Finland 9143 Eurajoki
9%
United States 8908 Evergreen
9%
United States 8643 Evergreen
9%
Somalia 21700 Eyl
9%
United States 9783 Eagle Point
0%
United Kingdom 10830 Earlestown
0%
United Kingdom 32640 Earley
0%
United States 23942 Easley
0%
United States 10377 East Bakersfield
0%
United Kingdom 16137 East Barnet
0%
United States 11995 East Bethel
0%
United States 10599 East Bradford
0%
United States 9935 East Brandywine
0%
United States 14420 East Bridgewater
0%
United States 49411 East Brunswick
0%
United States 34048 Eastchester
0%
United States 10871 East Cocalico
0%
United Kingdom 19259 East Dereham
0%
United States 8655 East Donegal
0%
United States 29411 Eastern Goleta Valley
0%
United Kingdom 15989 East Finchley
0%
United States 29720 East Fishkill
0%
United States 8630 East Foothills
0%
United States 10281 East Franklin
0%
United States 11399 East Glenville
0%
United States 18392 East Goshen
0%
United States 9067 East Grand Forks
0%
United States 11394 East Grand Rapids
0%
United States 16622 East Greenbush
0%
United States 14407 East Greenwich
0%
United States 11975 East Greenwich
0%
United Kingdom 26383 East Grinstead
0%
Canada 34637 East Gwillimbury
0%
United States 11106 East Hanover
0%
United States 20292 East Hemet
0%
United States 26505 East Hempfield
0%
United States 16071 East Highland Park
0%
United States 50961 East Honolulu
0%
United States 13687 East Islip
0%
Canada 36078 East Kelowna
0%
United States 29064 East Lake-Orient Park
0%
United States 17712 East Lampeter
0%
United Kingdom 8553 East Leake
0%
United States 16368 East Longmeadow
0%
United States 20142 East Massapequa
0%
United States 14280 East Milton
0%
United States 23486 Eastmont
0%
United States 28586 East Niles
0%
United States 14011 East Norriton
0%
United States 19672 East Northport
0%
United States 9022 East Nottingham
0%
United States 21364 East Patchogue
0%
United States 21022 East Pennsboro
0%
United States 22485 East Peoria
0%
United States 14219 East Rancho Dominguez
0%
United States 12241 East Renton Highlands
0%
United Kingdom 24000 East Retford
0%
United States 19043 East Riverdale
0%
United States 10064 East Rockaway
0%
United States 10154 East Rutherford
0%
United States 23521 East San Gabriel
0%
United States 10385 East Setauket
0%
United States 11015 Easttown
0%
United States 14114 East Wenatchee
0%
United States 14459 East Whiteland
0%
United States 10061 East Whittier
0%
United States 29837 East Windsor
0%
United States 13537 Eatontown
0%
France 25934 Eaubonne
0%
United Kingdom 18558 Ebbw Vale
0%
Equatorial Guinea 36565 Ebebiyín
0%
Colombia 12158 Ebéjico
0%
Madagascar 10000 Ebelo
0%
Germany 15768 Ebersbach an der Fils
0%
Japan 135557 Ebina
0%
Japan 17508 Ebino
0%
Algeria 15514 Ebn Ziad
0%
Italy 37340 Eboli
0%
Cameroon 76885 Ébolowa
0%
Austria 10942 Ebreichsdorf
0%
Mexico 9369 Ecatzingo
0%
Belgium 11135 Écaussinnes-Lalaing
0%
United Kingdom 38756 Eccles
0%
United Kingdom 19211 Ecclesall
0%
United Kingdom 31125 Ecclesfield
0%
United Kingdom 10433 Eccleston
0%
Philippines 88410 Echague
0%
Morocco 9821 Ech Chaïbat
0%
United States 13577 Echelon
0%
Morocco 26547 Echemmaia Est
0%
France 36708 Échirolles
0%
Spain 39500 Écija
0%
United Kingdom 11845 Eckington
0%
Brazil 21992 Ecoporanga
0%
United States 9170 Ecorse
0%
Switzerland 12854 Ecublens
0%
France 18019 Écully
0%
India 15553 Edakkazhiyūr
0%
India 20220 Edakkunnam
0%
India 12029 Edamon
0%
India 28223 Edappalli
0%
India 11308 Edasseri
0%
India 30000 Edasshēri
0%
India 11912 Edattala
0%
India 12880 Edattirutti
0%
India 24856 Edavanakad
0%
India 28607 Edayikunnam
0%
Sudan 264734 Ed Daein
0%
Sudan 186051 Ed Damazin
0%
Sudan 122944 Ed Damer
0%
Lebanon 10000 Ed Dâmoûr
0%
Belgium 22261 Edegem
0%
Brazil 11747 Edéia
0%
Hungary 9198 Edelény
0%
Germany 12522 Edemissen
0%
United Kingdom 9881 Edenbridge
0%
South Africa 14566 Edenburg
0%
South Africa 49292 Edenvale
0%
Greece 17848 Édessa
0%
Germany 23061 Edewecht
0%
United States 8778 Edgemere
0%
United States 8949 Edgewater Park
0%
United Kingdom 58619 Edgware
0%
Moldova 15520 Edineţ
0%
Germany 14211 Edingen-Neckarhausen
0%
India 10996 Edlapādu
0%
Japan 697932 Edogawa
0%
Turkey 167901 Edremit
0%
Turkey 127819 Edremit
0%
India 8653 Eduttavāynattam
0%
Belgium 20890 Eeklo
0%
Netherlands 9362 Eemnes
0%
Namibia 16588 Eenhana
0%
Netherlands 9845 Eerbeek
0%
China 68482 E’erguna
0%
Netherlands 19528 Eersel
0%
Madagascar 11000 Efatsy-Anandroza
0%
Ghana 35094 Effia-Kuma
0%
United States 12258 Effingham
0%
Greece 15416 Efkarpía
0%
Germany 8788 Efringen-Kirchen
0%
Germany 11500 Egelsbach
0%
Hungary 49499 Eger
0%
Norway 11629 Egersund
0%
United Kingdom 13351 Egg Buckland
0%
Germany 16777 Eggenstein-Leopoldshafen
0%
United States 15416 Eggertsville
0%
Belgium 16247 Éghezée
0%
Turkey 21434 Eğil
0%
Iceland 2572 Egilsstaðir
0%
Turkey 16759 Eğirdir
0%
India 30148 Egra
0%
Russia 2248 Egvekinot
0%
United States 35709 Egypt Lake-Leto
0%
Lebanon 25000 Ehden
0%
Germany 27504 Ehingen an der Donau
0%
Azerbaijan 10974 Əhmədli
0%
Germany 9399 Ehningen
0%
Germany 9591 Ehringshausen
0%
Germany 11765 Eichenau
0%
Germany 11367 Eichenzell
0%
Faroe Islands 700 Eiði
0%
Norway 10121 Eidsberg
0%
United States 9481 Eidson Road
0%
Australia 426 Eidsvold
0%
Norway 24647 Eidsvoll
0%
Netherlands 11565 Eijsden
0%
Germany 16201 Eilenburg
0%
Germany 15892 Eilendorf
0%
Germany 30725 Einbeck
0%
Switzerland 15550 Einsiedeln
0%
Portugal 12053 Eiras
0%
Brazil 33170 Eirunepé
0%
Germany 21894 Eislingen
0%
Germany 19269 Eitorf
0%
Spain 17124 Ejea de los Caballeros
0%
Madagascar 49915 Ejeda
0%
Venezuela 99837 Ejido
0%
Armenia 57500 Ejmiatsin
0%
Ghana 70807 Ejura
0%
Mexico 17232 Ejutla de Crespo
0%
India 9550 Ekalbehri
0%
India 10090 Ekamba
0%
India 8735 Ekangar Sarai
0%
India 9482 Ekchāri
0%
Belgium 22874 Ekeren
0%
Sweden 11524 Ekerö
0%
India 9535 Ekhari
0%
Turkey 10290 Ekinözü
0%
India 12140 Eklahra
0%
India 15048 Ekma
0%
India 9584 Ekma
0%
Benin 75313 Ekpé
0%
India 17500 Eksambe
0%
Sweden 9701 Eksjö
0%
South Africa 11018 Ekuvukeni
0%
India 13075 Ekwāri
0%
Morocco 12182 El Aargub
0%
Algeria 27185 El Abadia
0%
Algeria 32300 El Abiodh Sidi Cheikh
0%
Algeria 16108 El Ach
0%
Algeria 18149 El Achir
0%
Israel 48763 El‘ad
0%
Algeria 12486 El Adjiba
0%
Algeria 42627 El Affroun
0%
Colombia 11069 El Águila
0%
Morocco 40652 El Aïoun
0%
India 26382 Elakādu
0%
Spain 10430 El Álamo
0%
Tunisia 18410 El Alia
0%
Nicaragua 13363 El Almendro
0%
India 18918 Elamāttūr
0%
India 9719 Elambalūr
0%
Morocco 8625 El Amim
0%
Algeria 22572 El Amria
0%
India 13469 Elanad
0%
Algeria 20070 El Ancer
0%
Algeria 11469 El Ançor
0%
France 26348 Élancourt
0%
India 15300 Elandakuttai
0%
South Africa 12941 Elandsdoorn
0%
India 26092 Elangunnapuzha
0%
India 28473 Elanjivaliseri
0%
India 17507 Elankūr
0%
Algeria 12384 El Aouana
0%
Spain 19417 El Arahal
0%
Morocco 10801 El Arba Des Bir Lenni
0%
Mexico 19900 El Arenal
0%
Mexico 15037 El Arenal
0%
Algeria 33085 El Arrouch
0%
Guatemala 43281 El Asintal
0%
Greece 25459 Elassóna
0%
Spain 18467 El Astillero
0%
Algeria 14752 El Ateuf
0%
Algeria 57737 El Attaf
0%
India 10134 Elattūr
0%
India 11665 Elavalli
0%
India 12889 Elavanasūr
0%
Nicaragua 12417 El Ayote
0%
Nicaragua 12417 El Ayote
0%
Colombia 51862 El Bagre
0%
Colombia 72131 El Banco
0%
Mexico 14277 El Barrio de la Soledad
0%
Algeria 85577 El Bayadh
0%
Lebanon 20000 El Bâzoûrîyé
0%
France 15774 Elbeuf
0%
Turkey 141307 Elbistan
0%
Argentina 19009 El Bolsón
0%
Algeria 17874 El Bordj
0%
Colombia 37504 El Bordo
0%
Chile 175594 El Bosque
0%
Netherlands 23429 Elburg
0%
Dominican Republic 9540 El Cacao
0%
Colombia 9976 El Cairo
0%
Argentina 22844 El Calafate
0%
Venezuela 21769 El Callao
0%
United States 12220 El Campo
0%
Ecuador 52366 El Carmen
0%
El Salvador 13345 El Carmen
0%
El Salvador 12324 El Carmen
0%
Colombia 12001 El Carmen
0%
Colombia 14049 El Carmen de Atrato
0%
Colombia 66001 El Carmen de Bolívar
0%
Colombia 20858 El Carmen de Chucurí
0%
Nicaragua 19864 El Castillo de La Concepción
0%
Guatemala 15555 El Chal
0%
Colombia 42525 El Charco
0%
Guatemala 10445 El Chol
0%
India 11070 Elchūru
0%
Panama 19603 El Coco
0%
Colombia 22247 El Colegio
0%
El Salvador 24219 El Congo
0%
Venezuela 41748 El Consejo
0%
Colombia 28550 El Copey
0%
Nicaragua 13656 El Crucero
0%
Nicaragua 43305 El Cuá
0%
Kenya 17581 Eldama Ravine
0%
United States 30626 Eldersburg
0%
Colombia 32637 El Difícil
0%
Russia 1516 Eldikan
0%
Colombia 22306 El Doncello
0%
United States 50553 El Dorado Hills
0%
Colombia 8508 El Dovio
0%
Greece 24910 Elefsína
0%
Lithuania 11753 Elektrėnai
0%
Russia 29912 Elektrogorsk
0%
Russia 8520 Elektrougli
0%
Bangladesh 55000 Elenga
0%
Brazil 13607 Elesbão Veloso
0%
Spain 16618 El Escorial
0%
Turkey 10191 Eleşkirt
0%
Algeria 13213 El Esnam
0%
Mexico 8575 El Espinal
0%
Spain 10145 El Espinar
0%
Guatemala 82491 El Estor
0%
India 32927 Elesvaram
0%
Azerbaijan 12600 Ələt
0%
Algeria 155038 El Eulma
0%
Dominican Republic 24240 El Factor
0%
Lebanon 30000 El Fanar
0%
United States 13877 Elfers
0%
Mexico 12566 El Fuerte
0%
Sudan 25000 El Fula
0%
Morocco 20467 El Gara
0%
Sudan 538390 El Geneina
0%
Lebanon 50000 El Ghâzîyé
0%
Morocco 23109 El Ghiate
0%
Algeria 8585 El Ghomri
0%
Morocco 10859 El Ghourdane
0%
Spain 11585 Elgóibar
0%
Tunisia 8716 El Golaa
0%
Algeria 40195 El Golea
0%
Mexico 25920 El Grullo
0%
Tunisia 14088 El Guetar
0%
Algeria 13482 El Hachimia
0%
Algeria 26060 El Hadjar
0%
Algeria 14965 El Hadjira
0%
Morocco 23369 El Hajeb
0%
Algeria 11018 El Hamel
0%
Tunisia 47000 El Hamma
0%
Algeria 20635 El Hammadia
0%
Tunisia 9629 El Haouaria
0%
Lebanon 22250 El Hermel
0%
Bulgaria 9299 Elhovo
0%
Azerbaijan 10700 Əliabad
0%
Azerbaijan 9495 Əliabad
0%
Brazil 17085 Elias Fausto
0%
Algeria 29856 El Idrissia
0%
China 36793 Elixku
0%
United States 14364 Elizabethton
0%
Canada 9545 Elizabethtown-Kitley
0%
Tunisia 21544 El Jem
0%
Nicaragua 10326 El Jicaral
0%
Nicaragua 25901 El Jícaro
0%
Guatemala 13518 El Jícaro
0%
Morocco 13792 El Kansera
0%
Algeria 25060 El Karimia
0%
United States 11406 Elk City
0%
Tunisia 54701 El Kef
0%
Morocco 106418 El Kelaa des Srarhna
0%
Algeria 13637 El Kerma
0%
Morocco 10413 El Khemis des Beni Chegdal
0%
Lebanon 28580 El Khiyam
0%
United States 10259 Elkhorn
0%
Algeria 179033 El Khroub
0%
Algeria 17319 El Kouif
0%
United States 13863 Elk Plain
0%
United States 26183 Elkridge
0%
United States 26367 Elk River
0%
Tunisia 33729 El Ksar
0%
Algeria 29842 El Kseur
0%
Morocco 19964 El Ksiba
0%
India 17336 Ellamanda
0%
United Kingdom 11676 Elland
0%
India 52285 Ellenabad
0%
United States 18913 Ellensburg
0%
Venezuela 106206 El Limón
0%
Greece 16715 Ellinikó
0%
Canada 11372 Elliot Lake
0%
United States 9908 Ellisville
0%
United Kingdom 10200 Ellon
0%
India 203780 Ellore
0%
United States 8550 Ellsworth
0%
United States 11683 Elma
0%
Turkey 44379 Elmadağ
0%
Argentina 4011 El Maitén
0%
Tunisia 14844 El Maknassi
0%
Algeria 18944 El Malah
0%
Turkey 40774 Elmalı
0%
Venezuela 2215 El Manteco
0%
Algeria 12100 El Marsa
0%
Italy 9406 Elmas
0%
Algeria 49793 El Meghaïer
0%
Morocco 11400 El Menzel
0%
Tunisia 9904 El Metline
0%
Peru 24625 El Milagro
0%
Algeria 83931 El Milia
0%
Ghana 33576 Elmina
0%
Lebanon 150000 El Minié
0%
Spain 10052 El Molar
0%
Colombia 9121 El Molino
0%
United States 23982 Elmwood Park
0%
United States 21287 Elmwood Park
0%
France 9479 Elne
0%
Philippines 50494 El Nido
0%
Brazil 26336 Elói Mendes
0%
Algeria 17661 El Omaria
0%
United States 11325 Elon
0%
Mexico 31847 El Oro de Hidalgo
0%
Algeria 8787 El Outaya
0%
Mexico 12520 Eloxochitlán
0%
United States 16671 Eloy
0%
Ecuador 295211 Eloy Alfaro
0%
El Salvador 14551 El Paisnal
0%
Guatemala 31706 El Palmar
0%
Spain 22897 El Palmar
0%
Venezuela 15521 El Palmar
0%
Argentina 59031 El Palomar
0%
Honduras 19882 El Paraíso
0%
El Salvador 12708 El Paraíso
0%
Mexico 11949 El Parral
0%
United States 69218 El Paso de Robles
0%
Colombia 21462 El Paujíl
0%
Colombia 16223 El Peñol
0%
Uruguay 21091 El Pinar
0%
Colombia 16752 El Piñón
0%
Spain 36080 El Plan
0%
Colombia 11252 El Playón
0%
Honduras 188366 El Progreso
0%
Guatemala 25839 El Progreso
0%
Lebanon 12000 El Qâa
0%
Guatemala 25888 El Quetzal
0%
Chile 11329 El Quisco
0%
Nicaragua 52482 El Rama
0%
Nicaragua 8834 El Realejo
0%
El Salvador 10348 El Refugio
0%
United States 17919 El Reno
0%
Colombia 20981 El Retén
0%
Colombia 24562 El Retorno
0%
Colombia 9786 El Roble
0%
Guatemala 19401 El Rodeo
0%
Guatemala 14125 El Rodeo
0%
Colombia 18958 El Rosal
0%
Mexico 16001 El Rosario
0%
Mexico 24241 El Salto
0%
Nicaragua 27900 El Sauce
0%
Germany 21993 Elsdorf
0%
Dominican Republic 66867 El Seibo
0%
Germany 9370 Elsenfeld
0%
Germany 9187 Elsfleth
0%
United States 13206 El Sobrante
0%
Venezuela 14049 El Socorro
0%
Colombia 13255 El Tablón
0%
Chile 13286 El Tabo
0%
Argentina 50426 El Talar de Pacheco
0%
Colombia 48094 El Tambo
0%
Colombia 12271 El Tambo
0%
Algeria 25594 El Tarf
0%
Colombia 10957 El Tarra
0%
Guatemala 23780 El Tejar
0%
Mexico 202694 El Tezal
0%
United Kingdom 48964 Eltham
0%
Venezuela 41327 El Tocuyo
0%
Nicaragua 22324 El Tortuguero
0%
El Salvador 26987 El Tránsito
0%
Argentina 11086 El Trébol
0%
Guatemala 52144 El Tumbador
0%
India 23741 Elukone
0%
India 18651 Elumalai
0%
India 31468 Elūr
0%
India 9469 Elūrpatti
0%
India 9423 Elūrupādu
0%
Venezuela 45606 El Valle del Espíritu Santo
0%
Portugal 20706 Elvas
0%
Nicaragua 76775 El Viejo
0%
Spain 19310 El Viso del Alcor
0%
Kenya 60732 El Wak
0%
Germany 9252 Elze
0%
Colombia 23921 El Zulia
0%
South Africa 13813 eManzimtoti
0%
Kazakhstan 11212 Emba
0%
Argentina 9660 Embalse
0%
Argentina 23964 Embarcación
0%
Paraguay 12225 Emboscada
0%
Switzerland 9419 Embrach
0%
Canada 8680 Embrun
0%
Brazil 66970 Embu-Guaçu
0%
Turkey 11431 Emet
0%
Pakistan 150646 Eminabad
0%
Algeria 38468 Emîr Abdelkader
0%
Azerbaijan 28203 Əmircan
0%
Turkey 22978 Emirdağ
0%
Netherlands 26055 Emmeloord
0%
India 95149 Emmiganūr
0%
India 12720 Emmiganūru
0%
Mexico 38886 Empalme
0%
South Africa 110340 Empangeni
0%
Argentina 9258 Empedrado
0%
Germany 10735 Emsbüren
0%
Germany 36556 Emsdetten
0%
Germany 12545 Emstek
0%
United Kingdom 10269 Emsworth
0%
South Africa 16205 eMuziwezinto
0%
Japan 47999 Ena
0%
India 11897 Enamadala
0%
Andorra 12826 Encamp
0%
Brazil 22962 Encantado
0%
Mexico 51396 Encarnación de Díaz
0%
China 483907 Encheng
0%
Cuba 31500 Encrucijada
0%
Brazil 16446 Encruzilhada
0%
Brazil 23819 Encruzilhada do Sul
0%
United States 11821 Endwell
0%
Norway 11392 Enebakk
0%
Ukraine 52237 Enerhodar
0%
Tunisia 11138 Enfida
0%
United Kingdom 156858 Enfield
0%
United Kingdom 16469 Enfield Lock
0%
India 23101 Engandiyūr
0%
Germany 19637 Engelskirchen
0%
Germany 11431 Engen
0%
Brazil 12454 Engenheiro Beltrão
0%
Brazil 12242 Engenheiro Paulo de Frontin
0%
Germany 20724 Enger
0%
Austria 8790 Engerwitzdorf
0%
Belgium 13734 Enghien
0%
France 11594 Enghien-les-Bains
0%
United Kingdom 11826 Englefield Green
0%
Germany 11582 Eningen unter Achalm
0%
India 9584 Enkakād
0%
Germany 12326 Enkesen
0%
Netherlands 18637 Enkhuizen
0%
Sweden 21121 Enköping
0%
India 9946 Ennamangalam
0%
Germany 30502 Ennepetal
0%
Haiti 31285 Ennery
0%
Germany 19812 Ennigerloh
0%
Ireland 12310 Enniscorthy
0%
United Kingdom 13823 Enniskillen
0%
Philippines 36705 Enrile
0%
Dominican Republic 13164 Enriquillo
0%
Argentina 63997 Ensenada Berisso
0%
United States 23036 Ensley
0%
France 8888 Entraigues-sur-la-Sorgue
0%
Brazil 9158 Entre Ijuís
0%
Brazil 38098 Entre Rios
0%
Bolivia 2800 Entre Ríos
0%
Brazil 14746 Entre Rios de Minas
0%
Colombia 8820 Entrerríos
0%
Portugal 20206 Entroncamento
0%
United States 12663 Enumclaw
0%
India 10709 Enumulapalle
0%
Russia 74 Enurmino
0%
Congo (Brazzaville) 14674 Enyellé
0%
Korea, South 28217 Eonyang
0%
Switzerland 9611 Epalinges
0%
Greece 9910 Epanomí
0%
Mexico 11522 Epazoyucan
0%
France 22022 Épernay
0%
United States 13729 Ephrata
0%
France 32296 Épinal
0%
France 11783 Épinay-sous-Sénart
0%
France 10626 Épinay-sur-Orge
0%
Mexico 16622 Epitacio Huerta
0%
United Kingdom 31489 Epsom
0%
Iran 55066 Eqbālīyeh
0%
Iran 44341 Eqlīd
0%
Italy 11970 Eraclea
0%
Madagascar 10000 Erada
0%
France 18723 Éragny
0%
India 32151 Erāmala
0%
India 11242 Eranāpuram
0%
Spain 24662 Erandio
0%
India 12282 Eraniel
0%
India 39244 Erattukulakkada
0%
India 14101 Eraurā
0%
India 15716 Eravattūr
0%
Turkey 75210 Erbaa
0%
China 11972 Erbaocun
0%
Turkey 171000 Erciş
0%
Turkey 31902 Erdek
0%
Turkey 151928 Erdemli
0%
United Kingdom 22828 Erdington
0%
Hungary 9820 Erdőkertes
0%
Brazil 105705 Erechim
0%
Turkey 150978 Ereğli
0%
Turkey 122282 Ereğli
0%
Turkey 9973 Erenler
0%
Kazakhstan 12518 Ereymentaū
0%
Turkey 136099 Ergani
0%
France 8576 Ergué-Gabéric
0%
Italy 26089 Erice
0%
Portugal 10260 Ericeira
0%
India 9448 Erikolam
0%
United Kingdom 45345 Erith
0%
India 10395 Eriyodu
0%
China 17728 Erjie
0%
Azerbaijan 15654 Ərkivan
0%
Turkey 452157 Erköklü
0%
Germany 10335 Erlenbach am Main
0%
Germany 16162 Erlensee
0%
Taiwan 25183 Erlun
0%
South Africa 83865 Ermelo
0%
Netherlands 27016 Ermelo
0%
Turkey 11629 Ermenek
0%
Portugal 38798 Ermezinde
0%
Philippines 19189 Ermita
0%
France 29189 Ermont
0%
Greece 13399 Ermoúpoli
0%
Spain 15627 Ermúa
0%
India 15572 Ernagūdem
0%
Mexico 15291 Erongarícuaro
0%
Belgium 9940 Erquelinnes
0%
India 9993 Erraballa
0%
Morocco 97687 Errachidia
0%
India 20155 Erragondapālem
0%
India 32574 Erraguntla
0%
India 10890 Erraguntla
0%
India 9966 Erraguntlakota
0%
India 10768 Errahalli
0%
India 40482 Erramvāripālem
0%
India 9754 Erravaram
0%
Tunisia 11430 Er Regueb
0%
Albania 3746 Ersekë
0%
Taiwan 14080 Ershui
0%
France 11076 Erstein
0%
Russia 10024 Ertil
0%
Kazakhstan 7772 Ertis
0%
Belgium 10503 Ertvelde
0%
Turkey 8895 Eruh
0%
India 16678 Erumād
0%
India 55385 Erumaippatti
0%
India 12277 Erumaippatti
0%
India 18563 Erumakkuzhi
0%
India 17953 Erumāpālaiyam
0%
India 10087 Erutukada
0%
India 19216 Eruvatti
0%
India 16482 Ervādi
0%
Brazil 21724 Erval d’Oeste
0%
Brazil 20255 Ervália
0%
Germany 16484 Erwitte
0%
Turkey 41558 Erzin
0%
Turkey 150714 Erzincan
0%
India 8941 Esanai
0%
Tajikistan 20072 Ėsanboy
0%
Morocco 14662 Esbiaat
0%
Brazil 69701 Escada
0%
Philippines 96159 Escalante
0%
Andorra 15506 Escaldes-Engordany
0%
Mexico 29477 Escárcega
0%
France 9060 Escaudain
0%
Costa Rica 11984 Escazú
0%
France 16613 Escoublac
0%
Mexico 30790 Escuinapa
0%
Venezuela 32901 Escuque
0%
Cameroon 79500 Eséka
0%
Turkey 445421 Esenler
0%
Turkey 983571 Esenyurt
0%
Iran 59490 Esfarāyen
0%
United Kingdom 50904 Esher
0%
Iran 9115 Eshkanān
0%
South Africa 14744 Eshowe
0%
Iran 29993 Eshtehārd
0%
Kazakhstan 36715 Esik
0%
Kazakhstan 11551 Esil
0%
Madagascar 10000 Esira
0%
Uzbekistan 12600 Eski Arab
0%
Kazakhstan 14294 Eski Īkan
0%
Kyrgyzstan 18228 Eski-Nookat
0%
Uzbekistan 10800 Eski Yakkabog‘
0%
Iran 90559 Eslāmābād-e Gharb
0%
Germany 8920 Eslohe
0%
Sweden 17748 Eslöv
0%
Portugal 11448 Esmoriz
0%
Belgium 12889 Esneux
0%
United States 9539 Esopus
0%
United States 10472 Española
0%
Cabo Verde 6173 Espargos
0%
Spain 22550 Esparraguera
0%
Spain 16482 Espartinas
0%
Costa Rica 28644 Esparza
0%
Chile 101615 Espejo
0%
Germany 25294 Espelkamp
0%
Brazil 24102 Espera Feliz
0%
Dominican Republic 20900 Esperalvillo
0%
Brazil 31231 Esperança
0%
Brazil 40970 Esperantina
0%
Philippines 74696 Esperanza
0%
Dominican Republic 62205 Esperanza
0%
Philippines 59353 Esperanza
0%
Argentina 42082 Esperanza
0%
Philippines 17534 Esperanza
0%
Cuba 11555 Esperanza
0%
Mexico 3836 Esperanza
0%
Brazil 25688 Espigão D’Oeste
0%
Colombia 75828 Espinal
0%
Portugal 31027 Espinho
0%
Brazil 30443 Espinosa
0%
Philippines 19297 Espiritu
0%
Mexico 11551 Espita
0%
Turkey 26671 Espiye
0%
Brazil 27230 Esplanada
0%
Spain 47613 Esplugas de Llobregat
0%
Portugal 34254 Esposende
0%
Brazil 15173 Espumoso
0%
Mozambique 393 Espungabera
0%
Argentina 36687 Esquel
0%
Canada 17533 Esquimalt
0%
Guatemala 56253 Esquipulas
0%
Nicaragua 15877 Esquipulas
0%
Guatemala 14018 Esquipulas Palo Gordo
0%
Algeria 15266 Es Sebt
0%
Algeria 96928 Es Senia
0%
France 8733 Essey-lès-Nancy
0%
Iran 36410 Estahbān
0%
Belgium 10424 Estaimpuis
0%
Paraguay 17727 Estancia Pozo Colorado
0%
Brazil 50672 Estância Velha
0%
Guatemala 10872 Estanzuela
0%
El Salvador 9015 Estanzuelas
0%
Portugal 26997 Estarreja
0%
Switzerland 9712 Estavayer-le-Lac
0%
South Africa 22071 Estcourt
0%
Argentina 109644 Esteban Echeverría
0%
Brazil 76137 Esteio
0%
Nicaragua 112084 Estelí
0%
United States 16761 Estelle
0%
Spain 12394 Estepa
0%
Spain 78413 Estepona
0%
Canada 10851 Estevan
0%
Brazil 11502 Estiva
0%
Brazil 11295 Estiva Gerbi
0%
Portugal 26399 Estoril
0%
Brazil 33294 Estreito
0%
Portugal 10269 Estreito de Câmara de Lobos
0%
Brazil 32183 Estrêla
0%
Brazil 15429 Estrela de Alagoas
0%
Brazil 9417 Estrêla d’Oeste
0%
Portugal 14318 Estremoz
0%
Hungary 28642 Esztergom
0%
India 17537 Etacheri
0%
India 145601 Etah
0%
Japan 24596 Etajima
0%
France 26601 Étampes
0%
France 10693 Étaples
0%
India 402678 Etāwa
0%
India 256838 Etāwah
0%
Mexico 9831 Etchojoa
0%
Turkey 614891 Etimesgut
0%
Congo (Brazzaville) 10862 Etoumbi
0%
Bulgaria 10316 Etropole
0%
Madagascar 17000 Etrotroka
0%
India 16888 Ettaiyāpuram
0%
Israel 43100 Eṭ Ṭaiyiba
0%
India 13276 Ettāpur
0%
Germany 13985 Ettenheim
0%
Netherlands 43869 Etten-Leur
0%
Belgium 48473 Etterbeek
0%
India 9956 Ettimadai
0%
Israel 26200 Eṭ Ṭīra
0%
Mexico 20011 Etzatlán
0%
Brazil 61456 Euclides da Cunha
0%
United States 12664 Eufaula
0%
Brazil 10801 Eugenópolis
0%
Korea, South 10077 Eumseong
0%
United States 9261 Eunice
0%
Brazil 84120 Euriápolis
0%
Brazil 74170 Eusébio
0%
United States 23567 Eustis
0%
Germany 17296 Eutin
0%
United Kingdom 9993 Euxton
0%
South Africa 10166 Evander
0%
Iran 19987 Evaz
0%
Russia 2024 Evensk
0%
Belgium 35239 Evergem
0%
United States 19498 Evergreen Park
0%
Germany 9797 Everswinkel
0%
United States 47612 Evesham
0%
United Kingdom 22304 Evesham
0%
France 9224 Évian-les-Bains
0%
Equatorial Guinea 3170 Evinayong
0%
United Kingdom 11133 Evington
0%
Portugal 53591 Évora
0%
Turkey 40625 Evren
0%
France 48335 Évreux
0%
United States 15388 Ewa Beach
0%
Jamaica 13807 Ewarton
0%
United Kingdom 34872 Ewell
0%
Congo (Brazzaville) 9062 Ewo
0%
United States 10502 Excelsior Springs
0%
South Africa 12461 eXobho
0%
Brazil 53482 Extrema
0%
Brazil 19572 Extremoz
0%
Brazil 31843 Exu
0%
France 10095 Eybens
0%
Maldives 2658 Eydhafushi
0%
France 24436 Eysines
0%
Iran 31299 Eyvān
0%
Iran 12462 Eyvānekey
0%
France 9789 Ézanville
0%
Mexico 14053 Ezequiel Montes
0%
India 18884 Ezhamkulam
0%
India 27206 Ezhipram
0%
Turkey 32000 Ezine
0%
Argentina 79557 Ezpeleta
0%
Tunisia 36298 Ez Zahra
0%
Morocco 14788 Ezzhiliga
0%
No matching quizzes found
Score Distribution
Percent of People with Each Score
Percentile by Number Answered
Your Score History
You have not taken this quiz